La famiglia rispetto alla societáa civile e al problema sociale / (Record no. 48522)

MARC details
000 -LEADER
campo de control de longitud fija 00731nam a22002175i 4500
001 - NÚMERO DE CONTROL
campo de control 48522
003 - IDENTIFICADOR DE NÚMERO DE CONTROL
campo de control ES-MaACL
005 - FECHA Y HORA DE LA ÚLTIMA TRANSACCIÓN
campo de control 20230906161752.0
007 - CAMPO FIJO DE DESCRIPCIÓN FÍSICA--INFORMACIÓN GENERAL
campo de control de longitud fija t|
008 - DATOS DE LONGITUD FIJA--INFORMACIÓN GENERAL
campo de control de longitud fija 950725s1887 it ||||1| ita d
040 ## - FUENTE DE CATALOGACIÓN
Centro catalogador/agencia de origen CAM
Lengua de catalogación spa
Centro/agencia transcriptor CAM
100 1# - ENTRADA PRINCIPAL--NOMBRE DE PERSONA
Nombre de persona Del Vecchio, Giulio Salvatore.
9 (RLIN) 43274
245 13 - MENCIÓN DEL TÍTULO
Título La famiglia rispetto alla societáa civile e al problema sociale /
Mención de responsabilidad, etc. studio statistico ed economico del prof... Giulio Salvatore del Vecchio.
260 ## - PUBLICACIÓN, DISTRIBUCIÓN, ETC.
Lugar de publicación, distribución, etc. Torino :
Nombre del editor, distribuidor, etc. F.lli Bocca,
Fecha de publicación, distribución, etc. 1887.
300 ## - DESCRIPCIÓN FÍSICA
Extensión XVI, 469 p. ;
Dimensiones 25 cm.
490 1# - MENCIÓN DE SERIE
Mención de serie Biblioteca di scienze sociali ;
Designación de volumen o secuencia 4
650 #4 - PUNTO DE ACCESO ADICIONAL DE MATERIA--TÉRMINO DE MATERIA
Término de materia o nombre geográfico como elemento de entrada Familias.
9 (RLIN) 153905
830 0# - PUNTO DE ACCESO ADICIONAL DE SERIE-TÍTULO UNIFORME
Título uniforme Biblioteca di scienze sociali ;
Designación de volumen o secuencia 4
9 (RLIN) 230069
852 ## - LOCALIZACIÓN
Ubicación ES-MaACL
Número de control de estantería F-9960
Holdings
Estatus retirado Estado de pérdida Estado de daño No para préstamo Colección Biblioteca de origen Biblioteca actual Ubicación en estantería Fecha de adquisición Fuente de adquisición Total de préstamos Signatura topográfica completa Código de barras Visto por última vez Precio de reemplazo Tipo de ítem Koha
        Libros del s. XIX Biblioteca del Ateneo de Madrid Biblioteca del Ateneo de Madrid Sala Pecera Planta 2 17/01/2008     F-9960 1051064 23/02/2023 23/02/2023 Libro impreso antiguo